| 000 | 00932nam a2200241 a 4500 | ||
|---|---|---|---|
| 999 |
_c6726 _d6726 |
||
| 003 | CDMR | ||
| 005 | 20231018130514.0 | ||
| 008 | 140319s2014 spco ||c 000 0|cat|d | ||
| 020 | _a9788415118794 | ||
| 040 |
_bcat _cCDMR |
||
| 100 | 0 |
_aColita _93026 |
|
| 245 | 1 | 0 |
_aColita fotografía, Barcelona _c/ [text: Laura Terré] |
| 246 | 3 | 2 | _aColita, perquè sí! |
| 260 |
_aBarcelona : _bFundació Catalunya-La Pedrera, _ccop. 2014 |
||
| 300 |
_a183 p. : _bfotos ; _c28 cm |
||
| 500 | _aEs reprodueix la fotografia del Gran Gilbert a la Bodega Bohèmia (1963), del Fons Colita del Centre de Documentació i Museu de les Arts Esceniques (MAE), p. 73 | ||
| 504 | _aBiobibliografia | ||
| 505 | _aCatàleg de l'exposició "Colita, perquè sí!", La Pedrera, Barcelona, 11 març a 13 juliol 2014 | ||
| 600 | 0 | 4 |
_aColita _xExposicions _93026 |
| 650 | 4 |
_aFotògrafes _zCatalunya _vExposicions |
|
| 700 | 1 | _aTerré, Laura | |
| 942 |
_cMON _2udc |
||